Office Yoga (Record no. 10976)

MARC details
000 -LEADER
fixed length control field 00289nam a2200121Ia 4500
008 - FIXED-LENGTH DATA ELEMENTS--GENERAL INFORMATION
fixed length control field 211105s9999 xx 000 0 und d
020 ## - INTERNATIONAL STANDARD BOOK NUMBER
International Standard Book Number VYASA08839
100 ## - MAIN ENTRY--PERSONAL NAME
Personal name Julie Friedeberger
245 #0 - TITLE STATEMENT
Title Office Yoga
250 ## - EDITION STATEMENT
Edition statement 1st
260 ## - PUBLICATION, DISTRIBUTION, ETC.
Name of publisher, distributor, etc. Motilal Banarsidass Publishers
Date of publication, distribution, etc. \N
300 ## - PHYSICAL DESCRIPTION
Extent 158
Holdings
Withdrawn status Lost status Source of classification or shelving scheme Damaged status Not for loan Collection code Home library Current library Shelving location Date acquired Cost, normal purchase price Total Checkouts Barcode Date last seen Date last checked out Price effective from Koha item type
    Dewey Decimal Classification     Division of Yoga and Physical Science SVYASA SVYASA R3.9A 01/13/2012 75.00 2 15927 02/26/2026 01/27/2026 11/09/2021 Books

Powered by Koha